[Event "Asian Nations Cup 2016"]
[Site "Abu Dhabi UAE"]
[Date "2016.04.05"]
[Round "9.1"]
[White "Jumabayev, Rinat"]
[Black "Gundavaa, Bayarsaikhan"]
[Result "1-0"]
[WhiteTitle "GM"]
[BlackTitle "GM"]
[WhiteElo "2607"]
[BlackElo "2517"]
[WhiteTeam "Kazakhstan"]
[BlackTeam "Mongolia"]
[WhiteFideId "13702661"]
[BlackFideId "4901045"]
[EventDate "2016.03.28"]
[EventType "team"]

1. d4 Nf6 2. c4 e6 3. g3 d5 4. Nf3 Be7 5. Bg2 O-O 6. O-O dxc4 7. Ne5 Nc6 8. Nxc6
bxc6 9. Na3 Bxa3 10. bxa3 Ba6 11. Qd2 Qc8 12. a4 Rd8 13. Rb1 Rb8 14. Ba3 Nd5 15.
Bc5 Rb7 16. Be4 c3 17. Qc2 h6 18. Bf3 Bc4 19. h4 Rxb1 20. Rxb1 Qa6 21. Kh2 Nb6
22. a5 Qxa5 23. a3 Qa6 24. g4 Bd5 25. e4 Bc4 26. Rb4 Bf1 27. Qxc3 Na4 28. Qe3
Nxc5 29. dxc5 e5 30. Rb3 Bc4 31. Rc3 Be6 32. g5 Kh7 33. Be2 Qa4 34. Qg3 Rd2 35.
gxh6 gxh6 36. Qxe5 Rxe2 37. Rg3 Rxf2+ 38. Kg1 Qd1+ 39. Kxf2 Qd2+ 40. Kg1 Qe1+
41. Kg2 Qe2+ 42. Kh1 Qe1+ 43. Rg1 Qxh4+ 44. Kg2 Qd8 45. Qg3 h5 46. Kh2 Bg4 47.
Rf1 Be6 48. Qf4 Qd3 49. Rf3 Qc2+ 50. Kg3 Qxc5 51. Kh4 Qg1 52. Rg3 Qh2+ 53. Kg5
Kg7 54. Qf6+ Kf8 55. Kh6 Qd2+ 56. Kh7 Bg4 57. Rb3 1-0

[Event "Asian Nations Cup 2016"]
[Site "Abu Dhabi UAE"]
[Date "2016.04.05"]
[Round "9.2"]
[White "Batchuluun, Tsegmed"]
[Black "Ismagambetov, Anuar"]
[Result "1/2-1/2"]
[WhiteTitle "GM"]
[BlackTitle "GM"]
[WhiteElo "2460"]
[BlackElo "2559"]
[WhiteTeam "Mongolia"]
[BlackTeam "Kazakhstan"]
[WhiteFideId "4900847"]
[BlackFideId "13701525"]
[EventDate "2016.03.28"]
[EventType "team"]

1. d4 Nf6 2. c4 e6 3. Nf3 Bb4+ 4. Bd2 Qe7 5. g3 Bxd2+ 6. Qxd2 Nc6 7. Nc3 d5 8.
Bg2 dxc4 9. e3 O-O 10. Qe2 Na5 11. Ne5 c5 12. Nxc4 cxd4 13. exd4 Nxc4 14. Qxc4
Bd7 15. O-O Rac8 16. Qe2 Qb4 17. Rfd1 Bc6 18. Bxc6 Rxc6 19. d5 exd5 20. Nxd5
Nxd5 21. Rxd5 Re6 22. Qd2 Qxd2 23. Rxd2 Rfe8 24. Rd7 R6e7 25. Rad1 g6 26. Kg2
Kf8 27. Kf3 Rc8 28. Rd8+ Rxd8 29. Rxd8+ Kg7 30. h4 h5 1/2-1/2

[Event "Asian Nations Cup 2016"]
[Site "Abu Dhabi UAE"]
[Date "2016.04.05"]
[Round "9.3"]
[White "Kazhgaleyev, Murtas"]
[Black "Munkhgal, Gombosuren"]
[Result "1-0"]
[WhiteTitle "GM"]
[BlackTitle "IM"]
[WhiteElo "2570"]
[BlackElo "2419"]
[WhiteTeam "Kazakhstan"]
[BlackTeam "Mongolia"]
[WhiteFideId "13700316"]
[BlackFideId "4901266"]
[EventDate "2016.03.28"]
[EventType "team"]

1. d4 Nf6 2. c4 e6 3. Nf3 d5 4. Nc3 Bb4 5. cxd5 exd5 6. Bf4 O-O 7. e3 c5 8. dxc5
Ne4 9. Rc1 Qa5 10. Bd3 Nxc3 11. bxc3 Bxc3+ 12. Kf1 Bf6 13. h4 h5 14. Bd6 Re8 15.
Ng5 Bg4 16. f3 Be6 17. Bh7+ Kh8 18. Nxe6 Rxe6 19. Bf5 Qa6+ 20. Kf2 Qxa2+ 21. Rc2
Qa4 22. f4 g6 23. Bxe6 fxe6 24. Qd3 Qe8 25. Rb1 Nc6 26. Rxb7 Na5 27. c6 Nxc6 28.
Qb5 Ne7 29. Bxe7 Bxe7 30. Qb2+ Kg8 31. Rcc7 Bxh4+ 32. g3 1-0

[Event "Asian Nations Cup 2016"]
[Site "Abu Dhabi UAE"]
[Date "2016.04.05"]
[Round "9.4"]
[White "Bilguun, Sumiya"]
[Black "Khusnutdinov, Rustam"]
[Result "1-0"]
[WhiteTitle "FM"]
[BlackTitle "GM"]
[WhiteElo "2363"]
[BlackElo "2496"]
[WhiteTeam "Mongolia"]
[BlackTeam "Kazakhstan"]
[WhiteFideId "4901541"]
[BlackFideId "13701703"]
[EventDate "2016.03.28"]
[EventType "team"]

1. e4 e6 2. d4 d5 3. Nd2 Nf6 4. e5 Nfd7 5. Bd3 c5 6. c3 Nc6 7. Ngf3 g6 8. O-O
Bg7 9. Re1 O-O 10. Nf1 cxd4 11. cxd4 Qb6 12. Bc2 f6 13. exf6 Nxf6 14. Rb1 Bd7
15. a3 Rac8 16. h3 Nh5 17. Be3 Qc7 18. Rc1 Qb6 19. Qd3 Nf4 20. Qd2 Nxh3+ 21. Kh1
Rxf3 22. gxf3 Qd8 23. Kg2 Qh4 24. Ng3 Bxd4 25. Rh1 e5 26. Bf5 Bxf5 27. Nxf5 gxf5
28. Rxh3 Qf6 29. Bxd4 exd4 30. Rh6 Qg7+ 31. Kh1 Kh8 32. Rg1 Qe7 33. Qf4 Rf8 34.
Qd6 Qf7 35. Qe6 Qxe6 36. Rxe6 Rd8 37. b4 d3 38. Rd1 Kg7 39. b5 Kf7 40. Re3 Na5
41. Rexd3 Ke6 42. Re1+ Kf6 43. f4 Nc4 44. Rc1 Ke7 45. Rg1 b6 46. a4 Nb2 47. Rd4
Kd6 48. Rc1 Ke7 49. Rc7+ Ke8 50. Rxh7 Rd6 51. Rc7 Nc4 52. Rxa7 Kf8 53. Rc7 Na5
54. Kg1 Nb3 55. Rd3 Nc5 56. Rh3 Kg8 57. a5 d4 58. a6 d3 59. a7 Rd8 60. Rch7 1-0

[Event "Asian Nations Cup 2016"]
[Site "Abu Dhabi UAE"]
[Date "2016.04.05"]
[Round "9.1"]
[White "Darini, Pouria"]
[Black "Murshed, Niaz"]
[Result "1-0"]
[WhiteTitle "GM"]
[BlackTitle "GM"]
[WhiteElo "2496"]
[BlackElo "2446"]
[WhiteTeam "Iran"]
[BlackTeam "Bangladesh"]
[WhiteFideId "12502200"]
[BlackFideId "10200010"]
[EventDate "2016.03.28"]
[EventType "team"]

1. e4 e6 2. d4 d5 3. Nc3 Nf6 4. e5 Nfd7 5. f4 c5 6. Nf3 Nc6 7. Be3 Be7 8. Qd2
O-O 9. dxc5 Bxc5 10. O-O-O Qa5 11. Bxc5 Nxc5 12. Nd4 Bd7 13. Kb1 Rfd8 14. Be2
Rac8 15. Qe3 Nxd4 16. Rxd4 Na4 17. Nxa4 Bxa4 18. c3 Bb5 19. Rhd1 Bc4 20. Bxc4
dxc4 21. Rd7 h6 22. Qe4 Rxd7 23. Rxd7 Rd8 24. Qxb7 Rxd7 25. Qxd7 Qc5 26. a4 Qg1+
27. Ka2 Qxg2 28. Qxa7 Qxh2 29. a5 Qg2 30. Qb6 Qc2 31. Qb5 h5 32. a6 1-0

[Event "Asian Nations Cup 2016"]
[Site "Abu Dhabi UAE"]
[Date "2016.04.05"]
[Round "9.2"]
[White "Mohammad, Minhaz Uddin"]
[Black "Maghsoodloo, Parham"]
[Result "0-1"]
[WhiteTitle "IM"]
[WhiteElo "2436"]
[BlackElo "2489"]
[WhiteTeam "Bangladesh"]
[BlackTeam "Iran"]
[WhiteFideId "10201955"]
[BlackFideId "12539929"]
[EventDate "2016.03.28"]
[EventType "team"]

1. e4 c6 2. d4 d5 3. exd5 cxd5 4. c4 Nf6 5. Nc3 e6 6. Nf3 Be7 7. cxd5 Nxd5 8.
Bd3 Nc6 9. O-O O-O 10. a3 Bf6 11. Be4 g6 12. Bh6 Re8 13. Re1 Nde7 14. d5 exd5
15. Bxd5 Nf5 16. Rxe8+ Qxe8 17. Bg5 Bxc3 18. bxc3 Be6 19. c4 Qd7 20. Qd2 Qd6 21.
Bf4 Qc5 22. Bxe6 fxe6 23. Qd7 Qe7 24. Qxe7 Nfxe7 25. Re1 Rd8 26. Rxe6 Rd1+ 27.
Re1 Rxe1+ 28. Nxe1 Na5 29. c5 Nd5 30. Bg5 Nc4 31. Nc2 Kf7 32. Kf1 Nc3 33. f3 Ke6
34. g4 a5 35. Kf2 Kd5 36. Bf6 Na4 37. Be7 Nxc5 38. h4 Nd3+ 39. Kg3 b5 40. h5
gxh5 41. gxh5 Ke6 42. Bd8 Kd5 43. Be7 Nde5 44. Kf4 Nc6 45. Bf8 Ke6 46. Bc5 N4e5
47. Ke4 Nd7 48. Bd4 b4 49. axb4 axb4 50. Bb2 Nc5+ 51. Ke3 b3 52. Nd4+ Nxd4 53.
Bxd4 Kf5 54. Kd2 Na4 55. h6 Kf4 56. Kd3 Kxf3 57. Be5 Kg4 58. Bg7 Kf5 59. Bd4 Ke6
60. Bg7 Kd5 61. Bh8 Kc5 62. Bg7 Kb5 63. Ke4 Kc5 64. Kd3 Kb4 65. Ke4 Nc3+ 66. Kd3
Nd5 67. Ke4 Ne7 68. Kd3 Ka3 69. Kd4 0-1

[Event "Asian Nations Cup 2016"]
[Site "Abu Dhabi UAE"]
[Date "2016.04.05"]
[Round "9.3"]
[White "Firouzja, Alireza"]
[Black "Mollah Abdullah, Al Rakib"]
[Result "1-0"]
[BlackTitle "GM"]
[WhiteElo "2475"]
[BlackElo "2478"]
[WhiteTeam "Iran"]
[BlackTeam "Bangladesh"]
[WhiteFideId "12573981"]
[BlackFideId "10200444"]
[EventDate "2016.03.28"]
[EventType "team"]

1. Nf3 Nf6 2. g3 b6 3. Bg2 Bb7 4. O-O g6 5. d4 Bg7 6. c4 O-O 7. Re1 e6 8. Qc2
Be4 9. Qa4 c5 10. dxc5 bxc5 11. Nc3 Bc6 12. Qc2 d6 13. Bf4 Qe7 14. Rad1 Rd8 15.
Rd2 Na6 16. Red1 Ne8 17. a3 h6 18. Ne1 Bxg2 19. Nxg2 Nac7 20. h4 Rab8 21. Qa4
Rb7 22. Qa5 Rb3 23. Ne4 Rxb2 24. Rxb2 Bxb2 25. Bxh6 d5 26. cxd5 Rxd5 27. Ne3 Rh5
28. Bf4 e5 29. Bg5 Qe6 30. Qxc5 Bd4 31. Qc2 Nb5 32. a4 Nbd6 33. Nxd6 Nxd6 34.
Ng2 Kg7 35. e3 f6 36. Bxf6+ Qxf6 37. exd4 exd4 38. Nf4 Rxh4 39. gxh4 Qxf4 40.
Qc7+ Kh6 41. Qc1 Qxc1 42. Rxc1 1-0

[Event "Asian Nations Cup 2016"]
[Site "Abu Dhabi UAE"]
[Date "2016.04.05"]
[Round "9.4"]
[White "Hossain, Enamul"]
[Black "Mosadeghpour, Masoud"]
[Result "0-1"]
[WhiteTitle "GM"]
[BlackTitle "IM"]
[WhiteElo "2426"]
[BlackElo "2481"]
[WhiteTeam "Bangladesh"]
[BlackTeam "Iran"]
[WhiteFideId "10200649"]
[BlackFideId "12519278"]
[EventDate "2016.03.28"]
[EventType "team"]

1. e4 e5 2. Nf3 Nf6 3. Nxe5 d6 4. Nf3 Nxe4 5. d4 d5 6. Bd3 Nc6 7. O-O Be7 8. c4
Nf6 9. Nc3 O-O 10. cxd5 Nxd5 11. Re1 Be6 12. a3 a6 13. h3 Bf6 14. Be4 Nxc3 15.
bxc3 Bd5 16. Bc2 Re8 17. Rxe8+ Qxe8 18. Bf4 Qd7 19. Qd3 g6 20. Re1 b5 21. Nh2
Bg7 22. Re3 Bc4 23. Qd1 Ne7 24. Ng4 Nd5 25. Qf3 Re8 26. Nh6+ Kf8 27. Rxe8+ Kxe8
28. Bd2 Qe6 29. Ng4 Be2 30. Qg3 Bc4 31. Ne5 Nb6 32. Nf3 Kd7 33. Ne5+ Kc8 34. Bd1
Bf8 35. Bg4 f5 36. Bf3 Bxa3 37. Qh4 Nd7 38. Nxc4 Qxc4 39. Qxh7 Nf8 40. Qg7 Bd6
41. Bf4 Qe6 42. Bxd6 Qxd6 43. Qf7 Kb8 44. h4 Ka7 45. h5 gxh5 46. Qxf5 h4 47. Qe4
Kb6 48. Qxh4 a5 49. Qe4 c6 50. Qe3 a4 51. d5+ c5 52. c4 b4 53. Qe8 a3 54. Qb5+
Kc7 55. Qa5+ Kd7 56. Qa7+ Kd8 57. Bg4 Qc7 58. Qa8+ Ke7 59. Bh5 Qd8 60. Qb7+ Qd7
61. Qa8 Nh7 62. Qh8 Kd6 63. Bg6 Ng5 64. Qf6+ Kc7 65. Qxg5 a2 66. Qf6 Qd6 67.
Qg7+ Qd7 68. Qe5+ Qd6 69. Qg7+ Qd7 70. Qh8 b3 71. Qa8 Kb6 72. Qa3 Qa7 73. Qxb3+
Kc7 74. Qg3+ Kb7 75. Qd6 a1=Q+ 76. Kh2 Qb8 0-1

[Event "Asian Nations Cup 2016"]
[Site "Abu Dhabi UAE"]
[Date "2016.04.05"]
[Round "9.1"]
[White "Dzhumaev, Marat"]
[Black "Aboudi, Marwan"]
[Result "1-0"]
[WhiteTitle "GM"]
[WhiteElo "2481"]
[BlackElo "2166"]
[WhiteTeam "Uzbekistan"]
[BlackTeam "Jordan"]
[WhiteFideId "14200236"]
[BlackFideId "8100160"]
[EventDate "2016.03.28"]
[EventType "team"]

1. e4 e5 2. Nf3 Nc6 3. d4 exd4 4. Nxd4 Bb4+ 5. c3 Be7 6. Nf5 Bf6 7. Ng3 Nge7 8.
Nh5 Ng6 9. Bc4 O-O 10. O-O d6 11. f4 Re8 12. Nd2 Rb8 13. a4 a6 14. e5 dxe5 15.
Nxf6+ gxf6 16. f5 Nf4 17. Ne4 Bxf5 18. Qxd8 Rexd8 19. Nxf6+ Kg7 20. Bxf4 exf4
21. Nh5+ Kh6 22. Rxf4 Bg6 23. Nf6 Ne5 24. Re1 Kg5 25. Ref1 Nxc4 26. Rxc4 c6 27.
h4+ Kh6 28. Rg4 Rd2 29. Rf3 Bh5 30. Nxh5 Kxh5 31. Rg5+ Kxh4 32. Rfg3 h5 33. Rg7 1-0

[Event "Asian Nations Cup 2016"]
[Site "Abu Dhabi UAE"]
[Date "2016.04.05"]
[Round "9.2"]
[White "Alattar, Rakan"]
[Black "Barsov, Alexei"]
[Result "0-1"]
[WhiteTitle "CM"]
[BlackTitle "GM"]
[WhiteElo "2065"]
[BlackElo "2460"]
[WhiteTeam "Jordan"]
[BlackTeam "Uzbekistan"]
[WhiteFideId "8101248"]
[BlackFideId "14200082"]
[EventDate "2016.03.28"]
[EventType "team"]

1. e4 e6 2. Nf3 d5 3. e5 c5 4. g3 Nc6 5. Bg2 g5 6. h3 Bg7 7. d4 Nxd4 8. Nxg5 h6
9. Nf3 Nxf3+ 10. Bxf3 Bxe5 11. O-O Qf6 12. Nc3 Bd7 13. Re1 Ne7 14. Qe2 Bxc3 15.
bxc3 Bc6 16. Rb1 b6 17. Bg2 Rd8 18. h4 d4 19. Bxc6+ Nxc6 20. Qb5 e5 21. Rxe5+
Kf8 22. Re4 dxc3 23. Be3 Nd4 24. Qa4 Nf3+ 25. Kg2 Nd2 26. Rf4 Qe6 27. Rd1 Qd5+
28. f3 Re8 29. Re4 Rxe4 30. fxe4 Qh5 31. Bxd2 Qe2+ 32. Kh3 Qxd1 33. Bxc3 Qh1+
34. Kg4 Rg8+ 35. Kf4 Qf1+ 36. Ke5 Rxg3 37. Bb2 Rg6 38. Kd5 a6 39. a3 Qd1+ 40.
Ke5 Qd6+ 41. Kf5 Qe6+ 42. Kf4 b5 43. Qb3 Rg4+ 0-1

[Event "Asian Nations Cup 2016"]
[Site "Abu Dhabi UAE"]
[Date "2016.04.05"]
[Round "9.3"]
[White "Fayzullaev, Akmal"]
[Black "Abo-Hazeem, Mohanned"]
[Result "1-0"]
[WhiteTitle "FM"]
[WhiteElo "2405"]
[BlackElo "2045"]
[WhiteTeam "Uzbekistan"]
[BlackTeam "Jordan"]
[WhiteFideId "14200554"]
[BlackFideId "8101159"]
[EventDate "2016.03.28"]
[EventType "team"]

1. d4 Nf6 2. Nf3 e6 3. g3 d5 4. Bg2 Be7 5. O-O O-O 6. c4 dxc4 7. Qc2 c6 8. Qxc4
b5 9. Qc2 Bb7 10. Nbd2 Na6 11. Nb3 Qb6 12. Bd2 c5 13. Ba5 Qc6 14. Bc3 cxd4 15.
Nbxd4 Qb6 16. a3 Nd5 17. Bd2 Bf6 18. e3 Rac8 19. Qb3 Nc5 20. Qa2 Rfd8 21. Rfd1
e5 22. Nb3 Na4 23. Ba5 Qe6 24. Bxd8 Rc2 25. Nc5 Rxc5 26. Bxf6 Qxf6 27. Nd2 Ndc3
28. bxc3 Nxc3 29. Bxb7 Nxa2 30. Ne4 Qb6 31. Nxc5 Nc3 32. Rd3 Ne2+ 33. Kf1 g6 34.
Kxe2 Qxc5 35. Rad1 a5 36. Bd5 b4 37. axb4 axb4 38. e4 Kg7 39. g4 Qc8 40. h3 h5
41. gxh5 gxh5 42. Rg1+ Kh6 43. Bxf7 Qc2+ 44. Ke3 Qc5+ 45. Kf3 Qf8 46. Rg6+ Kh7
47. Rd7 b3 48. Rb6 b2 49. Rxb2 1-0

[Event "Asian Nations Cup 2016"]
[Site "Abu Dhabi UAE"]
[Date "2016.04.05"]
[Round "9.4"]
[White "Boshra, Alshaeby"]
[Black "Khoroshev, Nikita"]
[Result "0-1"]
[WhiteTitle "WFM"]
[BlackTitle "FM"]
[WhiteElo "2021"]
[BlackElo "2337"]
[WhiteTeam "Jordan"]
[BlackTeam "Uzbekistan"]
[WhiteFideId "8102937"]
[BlackFideId "14200287"]
[EventDate "2016.03.28"]
[EventType "team"]

1. d4 Nf6 2. c4 e6 3. Nf3 b6 4. a3 Bb7 5. Nc3 g6 6. d5 Bg7 7. e4 O-O 8. Bd3 d6
9. O-O Nbd7 10. h3 Re8 11. Bg5 h6 12. Be3 Nc5 13. Bc2 exd5 14. exd5 Ba6 15. b3
Nfe4 16. Nxe4 Nxe4 17. Bxe4 Rxe4 18. Ra2 Qf6 19. Rd2 Rae8 20. Rd4 Bc8 21. Re1
Bd7 22. Rxe4 Rxe4 23. Nd2 Re7 24. Nf3 Qb2 25. a4 Bf5 26. Re2 Qb1 27. Qxb1 Bxb1
28. Ne1 f5 29. Kf1 a5 30. f4 Bf6 31. g4 Bh4 32. Nf3 Bd3 33. Nxh4 Rxe3 0-1

[Event "Asian Nations Cup 2016"]
[Site "Abu Dhabi UAE"]
[Date "2016.04.05"]
[Round "9.1"]
[White "Mohammed, Zozek Salah Mohammed"]
[Black "Abdyjapar, Asyl"]
[Result "1/2-1/2"]
[WhiteTitle "FM"]
[BlackTitle "IM"]
[WhiteElo "2256"]
[BlackElo "2385"]
[WhiteTeam "Iraq"]
[BlackTeam "Kyrgyzstan"]
[WhiteFideId "4803361"]
[BlackFideId "13800337"]
[EventDate "2016.03.28"]
[EventType "team"]

1. d4 Nf6 2. c4 e6 3. Nc3 Bb4 4. e3 O-O 5. Ne2 d5 6. a3 Be7 7. cxd5 exd5 8. Nf4
c6 9. Bd3 Re8 10. O-O Nbd7 11. f3 Nf8 12. Bc2 c5 13. Ba4 Bd7 14. Ncxd5 Nxd5 15.
Nxd5 Bxa4 16. Nxe7+ Rxe7 17. Qxa4 cxd4 18. Qxd4 Rd7 19. Qa4 Rc8 20. e4 Qb6+ 21.
Kh1 Rd3 22. Bf4 Qxb2 23. Qxa7 Rb3 24. Qg1 Rxa3 25. Rfb1 Rxa1 26. Rxb2 Rxg1+ 27.
Kxg1 Ne6 28. Bg3 Rc1+ 29. Kf2 Nc5 30. Rb5 Rc2+ 31. Kf1 Rc1+ 32. Ke2 h5 33. Kd2
Rc4 34. Bf2 Ne6 35. Rxb7 Ra4 36. Rb2 Nf4 37. g3 Ne6 38. Be3 g5 39. Ke2 g4 40.
Kf2 Kg7 41. Rd2 Kg6 42. Rd5 Ra2+ 43. Bd2 Nc5 44. Rxc5 Rxd2+ 45. Ke3 Rxh2 46.
fxg4 hxg4 47. Kf4 f6 48. Kxg4 Re2 49. Kf3 Re1 50. Rc4 Kg5 51. Kf2 Ra1 52. Rc8
Ra2+ 53. Kf3 Ra3+ 54. Kg2 Re3 55. Rg8+ Kh5 56. Re8 Kg5 57. Kf2 Ra3 58. Rg8+ Kh5
59. Ke2 Rb3 60. Kf2 Ra3 61. Rh8+ Kg5 62. Rf8 Rb3 63. Rd8 Ra3 64. Rd5+ Kg6 65.
Rf5 Rb3 66. Rf3 Rb2+ 67. Ke3 Rb4 68. g4 Rb3+ 69. Kf4 Rb1 70. Rf2 Ra1 71. Rb2
Rf1+ 72. Kg3 Re1 73. Rb4 Rg1+ 74. Kf3 Rf1+ 75. Kg2 Ra1 76. Rb6 Kg5 77. Kf3 Ra3+
78. Ke2 Rg3 79. Rb5+ Kf4 80. Rf5+ Kxe4 81. Rxf6 Rxg4 1/2-1/2

[Event "Asian Nations Cup 2016"]
[Site "Abu Dhabi UAE"]
[Date "2016.04.05"]
[Round "9.2"]
[White "Tologontegin, Semetey"]
[Black "Ismael, Namir Mohammed Ismael"]
[Result "1-0"]
[WhiteTitle "IM"]
[BlackTitle "CM"]
[WhiteElo "2370"]
[BlackElo "2169"]
[WhiteTeam "Kyrgyzstan"]
[BlackTeam "Iraq"]
[WhiteFideId "13800574"]
[BlackFideId "4800800"]
[EventDate "2016.03.28"]
[EventType "team"]

1. b3 d5 2. Bb2 Nf6 3. Nf3 g6 4. g3 Bg7 5. Bg2 O-O 6. c4 c5 7. cxd5 Nxd5 8. Bxg7
Kxg7 9. O-O Kg8 10. Qc1 Qb6 11. Qc4 Nf6 12. Nc3 Na6 13. Qh4 Kg7 14. e4 h6 15. e5
Ng8 16. d4 Qa5 17. Rfc1 cxd4 18. Qxd4 Rd8 19. Qe3 Qb4 20. Ne2 e6 21. a3 Qe7 22.
Nfd4 Nc7 23. Nf4 a6 24. b4 h5 25. Rc5 Nh6 26. Rac1 Ne8 27. h3 Rb8 28. R5c3 Bd7
29. Be4 Rdc8 30. Rxc8 Bxc8 31. Nb3 Nf5 32. Qa7 Nxg3 33. fxg3 Qg5 34. Qxb8 Qxg3+
35. Ng2 Bd7 36. Qxb7 Ba4 37. Rf1 1-0

[Event "Asian Nations Cup 2016"]
[Site "Abu Dhabi UAE"]
[Date "2016.04.05"]
[Round "9.3"]
[White "Salih, Akar Ali Salih"]
[Black "Taalaibekov, Tagir"]
[Result "1-0"]
[WhiteTitle "FM"]
[WhiteElo "2279"]
[BlackElo "2150"]
[WhiteTeam "Iraq"]
[BlackTeam "Kyrgyzstan"]
[WhiteFideId "4800575"]
[BlackFideId "13801163"]
[EventDate "2016.03.28"]
[EventType "team"]

1. e4 e6 2. d4 d5 3. e5 c5 4. c3 Qb6 5. Nf3 Bd7 6. a3 Bb5 7. c4 Bxc4 8. Bxc4
dxc4 9. d5 exd5 10. Qxd5 Qc6 11. Qxc4 Nd7 12. Nc3 f6 13. Bf4 a6 14. O-O-O b5 15.
Qe2 O-O-O 16. exf6 gxf6 17. Ne4 Bh6 18. Qe3 Bxf4 19. Qxf4 Qc7 20. Nd6+ Kb8 21.
g3 Ne5 22. Nxe5 fxe5 23. Qxe5 Ne7 24. Nf7 Qxe5 25. Nxe5 Kc7 26. f4 Rhf8 27. Rhe1
Nf5 28. Nf3 Rxd1+ 29. Rxd1 Nd6 30. Rd5 Ne4 31. Re5 Nd6 32. Rxc5+ Kb6 33. Rh5
Rc8+ 34. Kb1 Rc7 35. Rd5 Nc4 36. Ne5 Ne3 37. Rd3 Nf5 38. g4 Nh4 39. f5 Ng2 40.
Rf3 Nh4 41. Rh3 1-0

[Event "Asian Nations Cup 2016"]
[Site "Abu Dhabi UAE"]
[Date "2016.04.05"]
[Round "9.4"]
[White "Kenenbaev, Aidar"]
[Black "Abdulwahhab, Ahmed Abdulsattar A"]
[Result "1/2-1/2"]
[BlackTitle "FM"]
[WhiteElo "2042"]
[BlackElo "2279"]
[WhiteTeam "Kyrgyzstan"]
[BlackTeam "Iraq"]
[WhiteFideId "13801180"]
[BlackFideId "4801849"]
[EventDate "2016.03.28"]
[EventType "team"]

1. e4 c5 2. Nf3 e6 3. d3 Nc6 4. g3 Nge7 5. Bg2 g6 6. O-O Bg7 7. Re1 e5 8. c3 O-O
9. a3 d6 10. b4 a6 11. Nbd2 h6 12. Rb1 Be6 13. Nc4 b5 14. Ne3 Qd7 15. c4 Rab8
16. Bd2 f5 17. Qc1 fxe4 18. dxe4 bxc4 19. Nxc4 Nd4 20. Nxd4 cxd4 21. Na5 Rfc8
22. Qb2 Qa4 23. Rec1 Rxc1+ 24. Qxc1 Rc8 25. Qe1 Qxa3 26. Bf1 d5 27. Bxa6 Rc2 28.
Rc1 Rxc1 29. Bxc1 Qf3 30. Qe2 dxe4 31. Qxf3 exf3 32. b5 Nd5 33. Bb7 e4 34. Kf1
d3 35. Bd2 Kf7 36. b6 g5 37. Bc6 Be5 38. b7 Ke7 39. Bb5 Bd7 40. Bc4 Nb6 41. Bg8
Kf6 42. Be3 Bb5 43. Ke1 Nd7 44. Bd5 Bc3+ 45. Bd2 Bxa5 46. Bxa5 Ke5 47. Bxe4 Kxe4
48. Bc7 Kf5 49. h3 h5 50. b8=Q Nxb8 51. Bxb8 h4 52. g4+ Ke4 53. Kd2 Bd7 54. Bc7
Kd4 1/2-1/2

[Event "Asian Nations Cup 2016"]
[Site "Abu Dhabi UAE"]
[Date "2016.04.05"]
[Round "9.1"]
[White "Weerawardane, Romesh"]
[Black "Amer, Said Salim Al Maashani"]
[Result "1-0"]
[WhiteTitle "IM"]
[BlackTitle "FM"]
[WhiteElo "2084"]
[BlackElo "2128"]
[WhiteTeam "Sri Lanka"]
[BlackTeam "Oman"]
[WhiteFideId "9900373"]
[BlackFideId "22000100"]
[EventDate "2016.03.28"]
[EventType "team"]

1. e4 c5 2. Nf3 Nc6 3. d4 cxd4 4. Nxd4 Nf6 5. Nc3 e5 6. Ndb5 d6 7. Bg5 a6 8. Na3
b5 9. Nd5 Be7 10. Bxf6 Bxf6 11. c4 b4 12. Nc2 O-O 13. g3 Bg5 14. h4 Bh6 15. Bh3
Be6 16. Kf1 a5 17. Kg2 Ne7 18. Nde3 g6 19. h5 g5 20. Qd3 Qd7 21. f3 Bxh3+ 22.
Rxh3 f5 23. exf5 Nxf5 24. Nxf5 Qxf5 25. Qxf5 Rxf5 26. Ne3 Rf7 27. Rd1 Bf8 28.
Rhh1 Rc7 29. b3 a4 30. Nd5 Rb7 31. Nf6+ Kf7 32. Ne4 axb3 33. axb3 Ra2+ 34. Kh3
Rb2 35. Nxg5+ Kf6 36. Ne4+ Ke6 37. Rd3 Ra7 38. Re1 Raa2 39. Kg4 h6 40. f4 Re2
41. f5+ Kf7 42. Rxe2 Rxe2 43. Kf3 Rb2 44. g4 Kg7 45. c5 dxc5 46. Rd7+ Kh8 47.
Nf6 Bg7 48. Rd8+ Bf8 49. Rxf8+ Kg7 50. Nd7 Rxb3+ 51. Ke4 Rc3 52. f6+ Kh7 53.
Rf7+ Kh8 54. Nxe5 1-0

[Event "Asian Nations Cup 2016"]
[Site "Abu Dhabi UAE"]
[Date "2016.04.05"]
[Round "9.2"]
[White "Al Mashikhi, Salim Aliyan"]
[Black "Edirisinghe, Dulan"]
[Result "0-1"]
[WhiteElo "2088"]
[BlackElo "2116"]
[WhiteTeam "Oman"]
[BlackTeam "Sri Lanka"]
[WhiteFideId "22000046"]
[BlackFideId "9900446"]
[EventDate "2016.03.28"]
[EventType "team"]

1. c4 e5 2. Nc3 Nc6 3. g3 f5 4. Bg2 Nf6 5. d3 Bb4 6. a3 Bxc3+ 7. bxc3 O-O 8. Nf3
d6 9. O-O Qe8 10. Rb1 Qh5 11. Nh4 g5 12. Nf3 f4 13. Nd2 Ng4 14. h3 fxg3 15. fxg3
Ne3 16. Rxf8+ Kxf8 17. Qe1 Nxg2 18. Kxg2 Qxh3+ 19. Kg1 b6 20. Ne4 h6 21. Qf2+
Qf5 22. Qh2 Kg7 23. Be3 Qh3 24. Qf2 Bf5 25. Rf1 Rf8 26. Bxg5 hxg5 27. Nxg5 Qh6
28. Nf3 Bh3 29. Re1 Bg4 30. Rf1 e4 31. dxe4 Ne5 32. Qd4 c5 33. Qd1 Bxf3 34. exf3
Rh8 35. Kf2 Qh2+ 36. Ke1 Qxg3+ 37. Kd2 Nxc4+ 38. Kc1 Qf4+ 39. Kb1 Nd2+ 40. Ka1
Nxf1 41. Qxf1 Qd2 42. Qg2+ 0-1

[Event "Asian Nations Cup 2016"]
[Site "Abu Dhabi UAE"]
[Date "2016.04.05"]
[Round "9.4"]
[White "Salim, Mohammed Salim Al Amri"]
[Black "Subasinghe, K R V R"]
[Result "1-0"]
[WhiteTitle "CM"]
[WhiteElo "2038"]
[BlackElo "1984"]
[WhiteTeam "Oman"]
[BlackTeam "Sri Lanka"]
[WhiteFideId "22000089"]
[BlackFideId "9909117"]
[EventDate "2016.03.28"]
[EventType "team"]

1. e4 b6 2. d4 Bb7 3. Bd3 e6 4. Ne2 f5 5. exf5 exf5 6. Bxf5 Bxg2 7. Rg1 Bb7 8.
Nbc3 Nf6 9. Qd3 Qe7 10. Rg3 Qf7 11. Bf4 Na6 12. Re3+ Kd8 13. a3 g6 14. Bh3 Be7
15. b4 Nh5 16. Be5 Rf8 17. b5 Qxf2+ 18. Kd2 Bg5 19. bxa6 Bxa6 20. Qe4 Bxe3+ 21.
Qxe3 Qxe3+ 22. Kxe3 d6 23. Bg3 Nxg3 24. hxg3 c6 25. Nf4 Ke7 26. d5 Bc8 27. dxc6
Bxh3 28. Nxh3 d5 29. Nb5 a6 30. Nc7 Ra7 31. Nxd5+ Kd6 32. Nb4 Re7+ 33. Kd4 Rf3
34. Ng5 Rf5 35. Ne4+ Ke6 36. Re1 a5 37. g4 Rf8 38. Nd5 1-0